Artes plásticas dominicanas / (Registro nro. 8323)
[ vista simple ]
| 000 -LIDER | |
|---|---|
| fixed length control field | 00791nam a22002657a 4500 |
| 001 - NÚMERO DE CONTROL | |
| Identificador de número de control | 029 |
| 003 - IDENTIFICACDOR DE NÚMERO DE CONTROL | |
| control field | DO-SdBNP |
| 005 - DATE AND TIME OF LATEST TRANSACTION | |
| control field | 20180221150529.0 |
| 007 - CAMPOS FIJOS DE DESCRIPCIÓN FÍSICA | |
| fixed length control field | 029 |
| 008 - ELEMENTOS DE LONGITUD FIJA | |
| fixed length control field | 151005b dr 1990 00| 0 spa d |
| 040 ## - FUENTE DE CATALOGACIÓN | |
| Agencia que crea de manera original el registro | BPMSU |
| Idioma de catalogación | spa |
| Agencia que realiza la transcripción | BPMSU |
| 100 1# - ASIENTO PRINCIPAL -- NOMBRE PERSONAL | |
| Nombre personal | David, León |
| 245 10 - MENCIÓN DE TITULO | |
| Título | Artes plásticas dominicanas / |
| Mención de responsabilidad | León David ; ilustraciones Leonardo Alvarado, Ochi |
| 260 ## - PUBLICACIÓN, DISTRIBUCIÓN, ETC. (PIE DE IMPRENTA) | |
| Lugar de publicación, distribución, etc | Santo Domingo : |
| Nombre del editor, distribuidor, etc. | Fundacion García Arévalo, |
| Fecha de publicación, distribución, etc | 1990. |
| Impresor | Amigo del hogar |
| 300 ## - DESCRIPCIÓN FÍSICA | |
| Extensión | [88] p. : |
| Otros detalles físicos | il. ; |
| Dimensiones | 28 cm. |
| 490 ## - MENCIÓN DE SERIES | |
| Mención de serie | Libros para colorear |
| Volume/sequential designation | 3 |
| 500 ## - NOTA GENERAL | |
| Nota general | Libro para colorear y bibliografíco |
| 700 12 - ASIENTO SECUNDARIO -- NOMBRE PERSONAL | |
| Nombre personal | Alvarado, Leonardo |
| Mención de responsabilidad | il. |
| 700 12 - ASIENTO SECUNDARIO -- NOMBRE PERSONAL | |
| Nombre personal | Ochi |
| Mención de responsabilidad | il. |
| 830 #0 - ASIENTO SECUNDARIO DE SERIE--TÍTULO UNIFORME | |
| Título uniforme | Libros para colorear |
| Número de la parte o sección de una obra | 3 |
| 910 ## - VALIDACIÓN | |
| Validación | 202 |
| 942 ## - ADDED ENTRY ELEMENTS (KOHA) | |
| Source of classification or shelving scheme | Dewey Decimal Classification |
| Koha item type | Libros |
| 945 ## - INFORMACIÓN DE PROCESAMIENTO LOCAL | |
| Información de procesamiento local | Inventariado, 2018 /LP |
| 956 ## - LOCAL ELECTRONIC LOCATION AND ACCESS (OCLC) | |
| Nombre de host | Yngrid Lockward |
| Número de acceso | 10 |
| Procesador de solicitud | BPMSU |
| Withdrawn status | Lost status | Source of classification or shelving scheme | Damaged status | Not for loan | Collection code | Home library | Current library | Date acquired | Source of acquisition | Total Checkouts | Barcode | Date last seen | Price effective from | Koha item type | Copy number |
|---|---|---|---|---|---|---|---|---|---|---|---|---|---|---|---|
| Dewey Decimal Classification | Colección Infantil General | Biblioteca Pública Metropolitana Salomé Ureña | Biblioteca Pública Metropolitana Salomé Ureña | 10/05/2015 | Compra | BPMSU15100033 | 10/05/2015 | 10/05/2015 | Libros | ||||||
| Dewey Decimal Classification | Colección Infantil General | Biblioteca Pública Metropolitana Salomé Ureña | Biblioteca Pública Metropolitana Salomé Ureña | 10/05/2015 | Compra | BPMSU15100034 | 10/05/2015 | 10/05/2015 | Libros | ej. 2 | |||||
| Dewey Decimal Classification | Colección Infantil General | Biblioteca Pública Metropolitana Salomé Ureña | Biblioteca Pública Metropolitana Salomé Ureña | 10/05/2015 | Compra | BPMSU15100035 | 10/05/2015 | 10/05/2015 | Libros | ej. 3 |